| 000 | 00546nam a2200145 a 4500 | ||
|---|---|---|---|
| 008 | 120416s1978 ||||||||||||||||| || u | ||
| 050 | _aHG 3851 Geo | ||
| 100 | _aGeorge, Abraham M | ||
| 245 | 1 | 0 | _aForeign exchange management and the multinational corporation |
| 246 | _aa manager's guide | ||
| 260 |
_aNew York _bPraeger Press _c1978 |
||
| 300 | _axvii, 277p. : ill. | ||
| 350 | _a0.00 | ||
| 995 |
_D0.00 _FCBU-MAIN LIBRARY (Kitwe) _H1 _I0.00 _M1 _UAVAILABLE _ZMain Library Open Access Collection |
||
| 999 |
_c43741 _d43741 |
||